| 000 | 00954nam a22003137a 4500 | ||
|---|---|---|---|
| 001 | 000404 | ||
| 003 | DO-SdBNP | ||
| 005 | 20171120104714.0 | ||
| 007 | 000404 | ||
| 008 | 160720b 1991 sp ||||| |||| 00| 0 spa d | ||
| 020 | _a8422635461 | ||
| 040 |
_aBPMSU _bspa _cBPMSU |
||
| 082 | 4 |
_a823 _bS64h |
|
| 100 | 1 |
_aSmith, Rukshana, _d1948- |
|
| 240 | 1 | 0 |
_aSumitra's story. _lEspañol |
| 245 | 1 | 0 |
_aLa historia de Sumitra / _cRukshana Smith ; traducción de Pedro Barbadillo. |
| 260 |
_aBarcelona : _bCírculo de Lectores, _c1991. |
||
| 300 |
_a207 p. ; _c21 cm. |
||
| 490 | 1 | _aOnda joven | |
| 500 | _aIncluye datos biográficos de la autora en las solapas | ||
| 650 | 4 | _aNOVELA INGLESA | |
| 650 | 4 | _aLITERATURA INGLESA | |
| 700 | 1 | 2 |
_aBarbadillo, Pedro, _etr. |
| 830 | 0 | _aOnda joven | |
| 910 | _aValidado. Control de validad MFF | ||
| 942 |
_2ddc _cBK |
||
| 945 | _aInventariado, 2017/MFF | ||
| 956 |
_2LOPEREZ _310 _620160720 _8BPMSU _a00041 |
||
| 999 |
_c10954 _d10954 |
||